Polska wieś - Prawda czy Fałsz - Statystyki

Ogólne statystyki
  • Ten quiz został rozwiązany 329 razy
  • Średni wynik to 9 z 15
Statystyki odpowiedzi
Zagadnienie Odpowiedź % Poprawnych
Na wsi jest większe zainteresowanie kościołem niż w mieście Prawda
88%
Nazwy wsi nie mogą się powtarzać Fałsz
83%
Nie posiadają połączeń autobusowych Fałsz
83%
Najważniejszy w wsi jest starosta Fałsz
82%
Jest co najmniej 5 wsi w Polsce Które posiadają powyżej 10 tyś mieszkańców Prawda
76%
Średnio w jednej wsi Mieszka mniej niż 1000 osób Prawda
72%
Co roku liczba wsi spada Prawda
62%
Grunwald jest wsią Prawda
60%
Najwięcej wsi jest w województwie mazowieckim Prawda
54%
Większość osób na Wsi utrzymuje się z rolnictwa Fałsz
48%
Najwyżej położoną wsią w Polsce jest Jastrzębia Góra Prawda
43%
Józefosław to największa wieś w Polsce Prawda
42%
Ponad 40% populacji większa na wsi Fałsz
39%
Dziwnów to wieś Fałsz
37%
W Polsce jest ponad 50 tyś wsi Fałsz
21%
Nie znaleziono quizów pasujących do podanych kryteriów
Rozkład punktacji
Procent ludzi z każdym wynikiem
Percentyl według liczby udzielonych odpowiedzi
Twoja historia wyników
Nie rozwiązałeś tego quizu